|
|
|
|
| LEADER |
00000nam0a2200000 4500 |
| 001 |
337320 |
| 005 |
20250211063211.0 |
| 035 |
|
|
|a (RuTPU)RU\TPU\book\363788
|
| 035 |
|
|
|a RU\TPU\book\358262
|
| 090 |
|
|
|a 337320
|
| 100 |
|
|
|a 20171102d1982 k y0rusy5003 ca
|
| 101 |
0 |
|
|a rus
|
| 102 |
|
|
|a RU
|
| 105 |
|
|
|a a z 001zy
|
| 200 |
1 |
|
|a Электрофизические свойства диэлектриков
|e тематический сборник
|f Московский энергетический институт (МЭИ) ; под ред. Е. М. Головчанского
|
| 210 |
|
|
|a Москва
|c Изд-во МЭИ
|d 1982
|
| 215 |
|
|
|a 77 с.
|c ил.
|
| 225 |
1 |
|
|a Труды Московского энергетического института (МЭИ)
|v Вып. 565
|
| 320 |
|
|
|a Библиография в конце статей
|
| 500 |
1 |
0 |
|a Труды Московского энергетического института
|9 88841
|
| 606 |
1 |
|
|a Водоподготовка
|x Коагуляция
|2 stltpush
|3 (RuTPU)RU\TPU\subj\2879
|9 31384
|
| 606 |
1 |
|
|a Парогенераторы
|x Исследование
|2 stltpush
|3 (RuTPU)RU\TPU\subj\48293
|9 67169
|
| 606 |
1 |
|
|a Диэлектрики
|x Электрофизические свойства
|x (электроизоляционные материалы)
|2 stltpush
|3 (RuTPU)RU\TPU\subj\68656
|9 83848
|
| 610 |
1 |
|
|a диэлектрики
|
| 610 |
1 |
|
|a заряженные частицы
|
| 610 |
1 |
|
|a поликарбонаты
|
| 610 |
1 |
|
|a полиэтилен
|
| 610 |
1 |
|
|a полимеры
|
| 610 |
1 |
|
|a фторопласты
|
| 610 |
1 |
|
|a прочность
|
| 610 |
1 |
|
|a твердость
|
| 610 |
1 |
|
|a электропроводность
|
| 675 |
|
|
|a 621.315.61
|v 3
|
| 702 |
|
1 |
|a Головчанский
|b Е. М.
|4 340
|
| 712 |
0 |
2 |
|a Московский энергетический институт (МЭИ)
|c (1930-1992)
|3 (RuTPU)RU\TPU\col\20092
|
| 801 |
|
0 |
|a RU
|b 63413507
|c 19950704
|g psbo
|
| 801 |
|
1 |
|a RU
|b 63413507
|c 20070814
|g PSBO
|
| 801 |
|
2 |
|a RU
|b 63413507
|c 20171103
|g PSBO
|
| 942 |
|
|
|c BK
|